000 01333nam a2200349 a 4500
001 000024139
003 DO-SdBNP
005 20250701132841.0
008 110119s1973 mx 000 0 spa d
040 _aDO-SdBNP
_bspa
_cBNPHU
041 1 7 _aspa
_heng
_2Código de idiomas MARC
049 _aBNGR
082 _a338.9
_bL734
245 0 4 _aLos límites del crecimiento :
_binforme al club de Roma sobre el procedimiento de la humanidad /
_cDonella H. Meadows... [et al] ; traducción de Ma. Soledad Loaeza de Graue ; prólogo de Víctor L. Urquidi.
260 _aMéxico, D. F. :
_bFondo de Cultura Económica,
_c1973.
300 _a253 p. :
_bil. ;
_c17 cm.
490 1 _aPopular.
_v116
500 _aEl ejemplar 3 es una reimpresión del año 1973.
534 _aTítulo original de esta obra :
_tThe limits to growth
650 0 _aDesarrollo económico
_985548
650 0 _aDemografía
_945443
650 4 _aPlanificación económica
_96641
650 0 _aPolítica económica
_984931
700 1 _aLoaeza de Graue, Maria Soledad,
_etr.
_949562
700 1 _aUrquidi, Víctor L.,
_epról.
_949563
700 1 _aMeadows, Donella H.
_949564
700 1 _aMeadows, Dennis L.
_949565
700 1 _aRanders, Jørgen.
_949566
700 1 _aBehrens III, William W.
_949567
830 0 _aPopular
_v116
_913374
942 _2ddc
_cLBS1
999 _c23633
_d23633